Možnosti využitia laparoskopie v urológii

Bibliographic Details
Main Authors: Ľupták, Ján, 1958- (Author), Švihra, Ján, 1962- (Author), Javorka, Kamil, 1970- (Author), Eliáš, Boris (Author), Vraný, Michal (Author), Sopilko, Igor (Author), Kliment, Ján, 1946- (Author)
Corporate Author: Reimanove dni (Author)
Format: Conference Proceeding Article
Language:Slovak
ISSN:1335-3071
Subjects:

MARC

LEADER 00000nab a2200000 a 4500
001 vtls008413894
003 SK-MaSNL
005 20260303070231.0
008 040806c2005 xo 0 slo
015 |a SNBCL2005/5 
035 |a SLK035881 
040 |a SLKCL  |b slo  |c SNKBUCL  |e AACR2 
041 1 |a slo 
044 |a xo  |c SK 
080 |a 616.6-089.819:061.3  |2 1981 
245 0 0 |a Možnosti využitia laparoskopie v urológii  |c Ján Ľupták ... [et al.] 
650 0 7 |a laparoskopia  |x využitie  |2 MESH  |9 852255 
650 0 7 |a urológia  |2 MESH  |9 2605 
650 0 7 |a choroby urologické  |2 MESH  |9 455547 
650 0 7 |a výkony chirurgické urologické  |2 MESH  |9 1055427 
650 0 7 |a abstrakty z kongresu  |2 MESH  |9 168204 
700 1 |a Ľupták, Ján,  |d 1958-  |4 aut  |9 201292 
700 1 |a Švihra, Ján,  |d 1962-  |4 aut  |9 194727 
700 1 |a Javorka, Kamil,  |d 1970-  |4 aut  |9 191942 
700 1 |a Eliáš, Boris  |4 aut  |9 840165 
700 1 |a Vraný, Michal  |4 aut  |u Urologická klinika JLF UK a MFN, Martin  |9 1055403 
700 1 |a Sopilko, Igor  |4 aut  |9 907870 
700 1 |a Kliment, Ján,  |d 1946-  |4 aut  |9 197675 
711 1 |a Reimanove dni  |n (33. :  |d 2005 :  |c Prešov, Slovensko)  |4 aut  |9 110997 
773 0 |w SERIAL_GENERAL*000250*2005*005*003  |x 1335-3071  |t Urológia  |g Roč. 11, č. 3 (2005), s. 13 
850 |a Slovenská lekárska knižnica v Bratislave  |a BA006 
852 |a BA006  |b KIS3GCP  |b 000500000 
999 |c 1754496  |d 1756426